00389 2200169 4500245004000000020002200040250000900062100001000071700002000081650001800101005001900119260003000138041001400168084000800182300002000190336000900210 aTeka Teki Sungai MerahcRubeehText a978-602-420-681-9 a2019 aRubee aFitri Fajrianti aCerita Pendek a20240903120103 aBandungbDAR! Mizanc2019 aIndonesia a813 a92 hlm :cilust atext